"Wo ist Walter?" in anderen Sprachen - Statistiken

Allgemein
  • Dieses Quiz wurde 36 mal gespielt
  • Das Durchschnittsergebnis liegt bei 4 aus 15
Antwortstatistiken
Hint Antwort % Korrekt
Ali Türkisch
82%
Waldo / Wally Englisch
61%
Holger Dänisch
46%
Vallu Finnisch
39%
Charlie Französisch
32%
Wōri Japanisch
32%
Effi Hebräisch
25%
Hugo / Valle Schwedisch
25%
Ubaldo Italienisch
21%
Valda Tschechisch
11%
Valli Isländisch
7%
Jura Kroatisch
7%
Jonas Litauisch
4%
Willy Norwegisch
4%
Gile Serbisch
0%
Keine übereinstimmenden Quizze gefunden
Verteilung der Resultate
Anzahl Personen mit jedem Resultat
Perzentil nach korrekt beantworteten Fragen
Ihre Resultats-Entwicklung
Sie haben dieses Quiz noch nicht gespielt